000 00432nam a2200157 4500
001 117237
003 ES-MaACL
005 20230906190845.0
007 t|
008 070301q1925 sp r ||||1| spa d
100 1 _aPaz Guerrero, Manuel.
_989772
245 1 3 _aLa viña de Jerez /
_cpor un obrero, Manuel Paz Guerrero.
260 _aJerez :
_bM. Marín,
_c1925?
300 _a52 p. ;
_c17 x 11 cm.
852 _aES-MaACL
_j1735-F-26
999 _c117237
_d117237